00317nam a2200121Ia 4500008004100000041000900041082002100050100003800071245002700109260004300136300000800179650000800187230718s9999 xx 000 0 und d aEng. a338.72bجو -ک aجو بودی ابرار حسین 0aکانوں شراکت  aPakistanbصفور یک ھاوسc2004 a186 aLaw